Gezeichnete Fußballwappen - Statistiken

Allgemein
  • Dieses Quiz wurde 114 mal gespielt
  • Das Durchschnittsergebnis liegt bei 15 aus 16
Antwortstatistiken
Bildquiz Antwort % Korrekt
Borussia Dortmund
100%
1. FC Köln
99%
Werder Bremen
99%
Arminia Bielefeld
98%
VfB Stuttgart
98%
Dynamo Dresden
96%
Eintracht Frankfurt
96%
RB Leipzig
96%
FC Augsburg
95%
FC St. Pauli
95%
SpVgg Greuther Fürth
95%
Hansa Rostock
94%
Alemannia Aachen
93%
Eintracht Braunschweig
93%
FC Schalke 04
92%
1. FC Saarbrücken
90%
Keine übereinstimmenden Quizze gefunden
Verteilung der Resultate
Anzahl Personen mit jedem Resultat
Perzentil nach korrekt beantworteten Fragen
Ihre Resultats-Entwicklung
Sie haben dieses Quiz noch nicht gespielt